Análisis estático y dinámico de estructuras.

Gardado en:
Detalles Bibliográficos
Autor Principal: Guendelman Bedrack, Tomás (autor)
Formato: Unknown
Idioma:inglés
Publicado: La Serena, Chile: Universidad De La Serena, 2014.
Edición:Segunda edición corregida.
Subjects:
Tags: Engadir etiqueta
Sen Etiquetas, Sexa o primeiro en etiquetar este rexistro!

MARC

LEADER 00000 a2200000 4500
003 CL-VaPUC
005 20240313162034.0
008 240305t2014 ||||| |||| 00| 0 eng d
999 |c 442680  |d 442678 
020 |a 978-956-7393-92-3 
040 |c Pontificia Universidad Católica de Valparaíso 
082 |2 22  |a 624.171 GUE 2014 
100 |a Guendelman Bedrack, Tomás  |9 886355  |e autor 
245 |a Análisis estático y dinámico de estructuras. 
250 |a Segunda edición corregida. 
260 |a La Serena, Chile:  |b Universidad De La Serena,  |c 2014. 
300 |a 234 páginas. 
583 |k GC  |c 20240305 
650 0 |9 266833  |a Ingeniería estructural  |x Análisis sísmico  
650 0 |9 260076  |a Ingeniería civil  |x Análisis estructural y sísmico 
942 |2 ddc  |c BK 
952 |0 0  |1 0  |2 ddc  |4 0  |6 624_171000000000000_GUE_2014  |7 0  |8 A  |9 593551  |a BIBING  |b BIBING  |d 2024-03-04  |e 3  |g 12974.00  |i 5660287  |o 624.171 GUE 2014  |p 5660287  |r 2025-01-20  |t 3  |v 12974.00  |w 2024-03-04  |y BK  |k CIC 
952 |0 0  |1 0  |2 ddc  |4 0  |6 624_171000000000000_GUE_2014  |7 0  |8 A  |9 593552  |a BIBING  |b BIBING  |d 2024-03-04  |e 3  |g 12974.00  |i 5660285  |o 624.171 GUE 2014  |p 5660285  |r 2025-01-20  |t 1  |v 12974.00  |w 2024-03-04  |y BK  |k CIC 
952 |0 0  |1 0  |2 ddc  |4 0  |6 624_171000000000000_GUE_2014  |7 0  |8 A  |9 593553  |a BIBING  |b BIBING  |d 2024-03-04  |e 3  |g 12974.00  |i 5660286  |o 624.171 GUE 2014  |p 5660286  |r 2025-01-20  |t 2  |v 12974.00  |w 2024-03-04  |y BK  |k CIC